|
|
|
|
| LEADER |
00000nam0a2200000 4500 |
| 001 |
296767 |
| 005 |
20231102000935.0 |
| 035 |
|
|
|a (RuTPU)RU\TPU\book\321875
|
| 090 |
|
|
|a 296767
|
| 100 |
|
|
|a 20150602d1983 m y0rusy50 ca
|
| 101 |
0 |
|
|a rus
|
| 102 |
|
|
|a RU
|
| 105 |
|
|
|a y z 001zy
|
| 200 |
1 |
|
|a Летающие модели-копии
|f Б. В. Тарадеев
|
| 210 |
|
|
|a Москва
|c Изд-во ДОСААФ СССР
|d 1983
|
| 215 |
|
|
|a 159 с.
|
| 320 |
|
|
|a Библиогр.: с. 157-158
|
| 606 |
1 |
|
|a Летающие модели
|x Авиация
|2 stltpush
|3 (RuTPU)RU\TPU\subj\40142
|9 60013
|
| 610 |
1 |
|
|a расчет
|
| 610 |
1 |
|
|a молекулярные модели
|
| 610 |
1 |
|
|a колебательные координаты
|
| 610 |
1 |
|
|a расширение
|
| 610 |
1 |
|
|a прямое формирование
|
| 610 |
1 |
|
|a обратная механическая задача
|
| 610 |
1 |
|
|a обратная электрооптическая задача
|
| 610 |
1 |
|
|a постановка
|
| 610 |
1 |
|
|a решение
|
| 610 |
1 |
|
|a молекулы
|
| 610 |
1 |
|
|a колебательные спектры
|
| 610 |
1 |
|
|a интерпретация
|
| 675 |
|
|
|a 629.734
|v 4
|
| 700 |
|
1 |
|a Тарадеев
|b Б. В.
|
| 801 |
|
1 |
|a RU
|b 63413507
|c 20150602
|
| 801 |
|
2 |
|a RU
|b 63413507
|c 20181017
|g RCR
|
| 942 |
|
|
|c BK
|